Sapo en invierno / (Record no. 27237)

MARC details
000 -LEADER
fixed length control field 00904cam a2200289Ia 4500
001 - CONTROL NUMBER
control field 27958503
003 - CONTROL NUMBER IDENTIFIER
control field OCoLC
005 - DATE AND TIME OF LATEST TRANSACTION
control field 20220712162802.0
008 - FIXED-LENGTH DATA ELEMENTS--GENERAL INFORMATION
fixed length control field 930421s1992 ve a e 000 1 spa d
020 ## - INTERNATIONAL STANDARD BOOK NUMBER
International Standard Book Number 9802571172
020 ## - INTERNATIONAL STANDARD BOOK NUMBER
International Standard Book Number 9789802571178
040 ## - CATALOGING SOURCE
Original cataloging agency JRK
Transcribing agency JRK
Modifying agency IAO
-- PL#
-- CLE
041 1# - LANGUAGE CODE
Language code of text/sound track or separate title spa
Language code of original eng
092 ## - LOCALLY ASSIGNED DEWEY CALL NUMBER (OCLC)
Classification number E Spanish
Item number Velthuijs
100 1# - MAIN ENTRY--PERSONAL NAME
Personal name Velthuijs, Max,
Dates associated with a name 1923-2005.
240 10 - UNIFORM TITLE
Uniform title <a href="Frog in winter.">Frog in winter.</a>
Language of a work Spanish.
245 10 - TITLE STATEMENT
Title Sapo en invierno /
Statement of responsibility, etc. Max Velthuijs ; [traduccion, Carmen Diana Dearden]
260 ## - PUBLICATION, DISTRIBUTION, ETC. (IMPRINT)
Place of publication, distribution, etc. Caracas :
Name of publisher, distributor, etc. Ediciones Ekare,
Date of publication, distribution, etc. 1992.
300 ## - PHYSICAL DESCRIPTION
Extent 1 v. (unpaged) :
Other physical details col. ill. ;
Dimensions 24 cm.
500 ## - GENERAL NOTE
General note Translation of: Frog in winter.
650 #0 - SUBJECT ADDED ENTRY--TOPICAL TERM
Topical term or geographic name as entry element Frogs
Form subdivision Juvenile fiction.
650 #0 - SUBJECT ADDED ENTRY--TOPICAL TERM
Topical term or geographic name as entry element Winter
Form subdivision Juvenile fiction.
650 #0 - SUBJECT ADDED ENTRY--TOPICAL TERM
Topical term or geographic name as entry element Picture books.
655 #7 - INDEX TERM--GENRE/FORM
Genre/form data or focus term Spanish language materials.
Source of term lcgft.
655 #7 - INDEX TERM--GENRE/FORM
Genre/form data or focus term Picture books for children.
Source of term lcgft.
942 ## - ADDED ENTRY ELEMENTS (KOHA)
Koha item type Libro/Book
Source of classification or shelving scheme Dewey Decimal Classification
Holdings
Withdrawn status Lost status Damaged status Not for loan Home library Current library Date acquired Total Checkouts Barcode Date last seen Date checked out Price effective from Koha item type Shelving location Inventory number Total Renewals Full call number
        La Puerta Biblioteca -- Satellite La Puerta Biblioteca -- Satellite 01/05/2018 10 40301881 17/01/2026 28/04/2022 01/05/2018 Libro/Book        
        San Juan Del Sur -- Biblioteca San Juan Del Sur -- Biblioteca 12/07/2022 7 30028919 23/01/2026 22/01/2026 12/07/2022 Libro/Book Children's Area inventory last seen Mar 2025 2 JI ESTANTE ESPANOL
        San Juan Del Sur -- Mobile San Juan Del Sur -- Mobile 31/12/2022 3 33016915 06/08/2024 06/08/2024 31/12/2022 Libro/Book   Inventory date: 10-2-25   JNC
        San Juan Del Sur -- Mobile San Juan Del Sur -- Mobile 31/12/2022 6 33016963 03/10/2024 03/10/2024 31/12/2022 Libro/Book   Inventory date: 10-2-25   JNC
        San Juan Del Sur -- Mobile San Juan Del Sur -- Mobile 12/02/2023   30029852 12/02/2023   12/02/2023 Libro/Book   Inventory date: 1-2-25   JI
        San Juan Del Sur -- Mobile San Juan Del Sur -- Mobile 12/02/2023   30029851 12/02/2023   12/02/2023 Libro/Book   Inventory date: 1-2-25   JI

Powered by Koha